00665nam a2200145 a 450000100100000000500170001000800410002704000250006824501480009326000640024130000210030504900090032695201670033599900170050200003232820200930065601.0110714s1895 dr 000 0 spa d aDO-SdBNPbspacBNPHU00aMemoria que presenta al ciudadano presidente constitucional de la República, el secretario de Estado en los despachos de Hacienda y Comercio. aSanto Domingo :bImp.Cuna de América J. R. Roquez,c1895. a108 p. ;c27 cm. aBNPD 001050718RVaPDbPDcCTd2011-07-14iLF1l0o p32328-10r2020-06-25w2020-06-25y1zPerteneció a la biblioteca personal de Julio Ortega Frier.ZNo se presta c31819d31819